ბათუმის შოთა რუსთაველის სახელმწიფო უნივერსიტეტის ბიბლიოთეკა

ამოდუღდი, მარგალიტო (ბიბ.ჩანაწერი № 43435)

000 -LEADER
fixed length control field 00690nam a2200217Ia 4500
001 - CONTROL NUMBER
control field 10165
003 - CONTROL NUMBER IDENTIFIER
control field GE_BSU
008 - FIXED-LENGTH DATA ELEMENTS--GENERAL INFORMATION
fixed length control field 181216s||||||||xx |||||||||||||| ||und||
040 ## - CATALOGING SOURCE
Transcribing agency GE_BSU
100 ## - MAIN ENTRY--PERSONAL NAME
Personal name როყვა,შოთა
245 ## - TITLE STATEMENT
Title ამოდუღდი, მარგალიტო
245 ## - TITLE STATEMENT
Remainder of title ლექსები
245 ## - TITLE STATEMENT
Statement of responsibility, etc. რედ.რ.ართილაყვა.მხატვ.რ.ლომაძე
260 ## - PUBLICATION, DISTRIBUTION, ETC.
Place of publication, distribution, etc. ბათუმი
260 ## - PUBLICATION, DISTRIBUTION, ETC.
Name of publisher, distributor, etc. საბჭოთა აჭარა
260 ## - PUBLICATION, DISTRIBUTION, ETC.
Date of publication, distribution, etc. 1970
300 ## - PHYSICAL DESCRIPTION
Extent 147გვ.14სმ.
653 ## - INDEX TERM--UNCONTROLLED
Uncontrolled term ამოდუღდი მარგალიტო
653 ## - INDEX TERM--UNCONTROLLED
Uncontrolled term ლექსები
942 ## - ADDED ENTRY ELEMENTS (KOHA)
Koha item type წიგნი
ეგზემპლარები
Withdrawn status Lost status Damaged status Not for loan Date acquired Barcode Date last seen Price effective from Koha item type
        2018-12-17 33500 2018-12-17 2018-12-17 წიგნი
        2018-12-17 33501 2018-12-17 2018-12-17 წიგნი